| 000 | 00589cam a22001817a 4500 | ||
|---|---|---|---|
| 008 | 180718b1952 xxu||||| |||| 00| 0 eng d | ||
| 082 | _aG932x54 R141 | ||
| 100 | _aRamaswami, P. N. | ||
| 245 |
_aMagisterial and police guide _cby P. N. Ramaswami |
||
| 260 |
_aMadra _bMadras Law Journal Office _c1952 |
||
| 300 | _av | ||
| 500 | _aContents; v.1., xxxiv, 1197p; v. 2., 1200p-2658p | ||
| 650 | _aPolice --India --Handbooks, manuals, etc. | ||
| 650 | _aCrime --India | ||
| 650 | _aCriminal investigation --India | ||
| 650 | _aCriminal procedure --India | ||
| 650 | _aCriminal law --India | ||
| 999 |
_c499509 _d499509 |
||